AK’s General Knowledge A-Z #55 - Statistics

General Stats
  • This quiz has been taken 418 times
  • The average score is 17 of 26
Answer Stats
Hint Answer % Correct
B – The ___ ____ Theory, American sitcom about physicists at Caltech and their pals Big Bang
95%
A – mother in Turkish, or Boleyn executed by her husband King Henry VIII Anne
93%
P – 15th-century Inca ruins Machu ____ Picchu
93%
D – a transaction, or to distribute cards to the players in a game Deal
91%
E – the main reason the number of letters sent by post has halved between 2001 and 2021 Email
90%
J – “Piano Man” Billy ____, who didn't start the fire Joel
90%
W – a verb of the past, but can precede "wolf" (on a full moon) Were
82%
H – Bosnia and ___________ Herzegovina
81%
U – Django _________, movie where a freed slave tries to rescue his wife Unchained
81%
X – denoting a film meant for adults only X-rated
81%
I – more familiar name for the International Crime Police Organization Interpol
75%
M – naturally occurring dark pigment, especially the pigment found in skin, hair, and fur Melanin
71%
F – when Antonio couldn’t repay his loan, Shylock demanded a pound of _____ Flesh
69%
S – to flavour food with spices, or something that is verão, outono, inverno or primavera in Portuguese Season
68%
T – not square, not tambourine Triangle
65%
L – Dav Pilkey’s graphic novel Dog Man: ____ of the Fleas (2018) Lord
64%
K – country where Kisumu is the third largest city Kenya
62%
R – Olivia whose 2021 hits include “Drivers License”, “"Deja Vu” and “Good 4 U” Rodrigo
61%
C – Pixar film from 2017 where 12-year-old Miguel is accidentally transported to the Land of the Dead Coco
58%
O – Subaru’s station wagon model, or a huge place down under Outback
55%
G – Steven who was central midfielder and captain for Liverpool F.C. and the England national team Gerrard
52%
V – the largest city in Laos Vientiane
41%
Z – Alicia Keys’ song that would be “Cebras y aeroplanos” in Spanish Zebras and Airplanes
39%
N – the only national capital in the world that starts with Ne New Delhi
23%
Y – a subordinate or assistant; an official serving in a royal or high noble household Yeoman
23%
Q – Didier who won a Nobel Prize (with 2 others) for discovering the first extrasolar planet orbiting a sun-like star Queloz
3%
No matching quizzes found
Score Distribution
Percent of People with Each Score
Percentile by Number Answered
Your Score History
You have not taken this quiz